Watch What Happens - Newsies Lyrics - Statistics

General Stats
  • This quiz has been taken 75 times
  • The average score is 308 of 396
Answer Stats
Answer % Correct
a
100%
A
100%
all
100%
do
100%
I
100%
is
100%
Is
100%
it
100%
It
100%
know
100%
know-nothing
100%
little
100%
no
100%
No
100%
not
100%
Not
100%
right
100%
So
100%
so
100%
the
100%
The
100%
This
100%
to
100%
up
100%
what
100%
What
100%
Write
100%
write
100%
you
100%
big
97%
don't
97%
Or
97%
or
97%
some
97%
they
97%
way
97%
And
94%
and
94%
for
94%
Ha
94%
in
94%
it's
94%
It's
94%
just
94%
Just
94%
kids
94%
lady
94%
on
94%
say
94%
screw
94%
that
94%
we
94%
be
91%
girl?
91%
girl
91%
Give
91%
give
91%
go
91%
how
91%
me
91%
watch
91%
been
88%
could
88%
happens
88%
her
88%
let's
88%
of
88%
reviewing
88%
then
88%
Well
88%
we'll
88%
angry
84%
better
84%
editors
84%
get
84%
hell?
84%
I'm
84%
Look
84%
look
84%
screaming
84%
ten
84%
there
84%
Those
84%
those
84%
vaudeville
84%
wait
84%
waiting
84%
when
84%
clue
81%
does
81%
even
81%
itself
81%
legal?
81%
men
81%
only
81%
plus
81%
rich
81%
story
81%
about
78%
behind
78%
children
78%
doing
78%
have
78%
ink
78%
insane?
78%
invisible
78%
Lie
78%
mentioned
78%
Poor
78%
practically
78%
pray
78%
someone
78%
That's
78%
that's
78%
there's
78%
things
78%
Thousands
78%
versus
78%
with
78%
Am
75%
greedy
75%
I've
75%
may
75%
sourpusses
75%
as
72%
As
72%
camera
72%
'cause
72%
exploited
72%
page
72%
take
72%
they're
72%
breathe
69%
dries
69%
live
69%
stand
69%
who's
69%
will
69%
boys
66%
center
66%
gates
66%
guy
66%
into
66%
once
66%
pen?
66%
Speak
66%
stage
66%
storm
66%
turn
66%
cinch
63%
They'll
63%
flirt
59%
dogs
56%
down
56%
cocky
53%
complete
53%
egomaniac
53%
he's
53%
life's
53%
son-of-a
53%
face
50%
Face
50%
handsome
50%
skirt-chasing
50%
fact
47%
heroically
47%
Picture
47%
Plain-spoken
47%
promotion
47%
raise
47%
us
47%
wake
47%
also
44%
charismatic
44%
strike
44%
from
41%
save
41%
I'll
38%
die
34%
facts
34%
if
34%
ocean
34%
Power
34%
power
34%
sinking
34%
time
34%
But
31%
corrupt
31%
David
31%
never
31%
Their
31%
absolute
28%
at
28%
can't
28%
corrupts
28%
fight
28%
genius
28%
Goliath
28%
good
28%
Like
28%
months
28%
six
28%
tends
28%
twice
28%
around
25%
begin
25%
inheriting
25%
might
25%
said
25%
than
25%
we're
25%
whatever
25%
win
25%
worse
25%
any
22%
century
22%
mistake
22%
old
22%
one
22%
think
22%
young
22%
Absolutely
19%
create
19%
forever
19%
got
19%
making
19%
nothing
19%
sir
19%
brand-new
16%
stay
16%
workd
0%
No matching quizzes found
Score Distribution
Percent of People with Each Score
Percentile by Number Answered
Your Score History
You have not taken this quiz